| 000 | 00601nam a2200253Ia 4500 | ||
|---|---|---|---|
| 008 | 210210b1945 xxu||||| |||| 00| 0 eng d | ||
| 041 | _aeng | ||
| 082 | _a825/1037 | ||
| 100 | _aMARQUESS OF CREWE | ||
| 245 | _aBeing the transactions of the royal society of literature Vol 22 | ||
| 260 |
_aLondon _bOxford University Press _c1945 |
||
| 440 | _a22 | ||
| 650 | _aVol | ||
| 650 | _atransactions | ||
| 650 | _athe | ||
| 650 | _asociety | ||
| 650 | _aroyal | ||
| 650 | _aof | ||
| 650 | _aliterature | ||
| 650 | _aBeing | ||
| 650 | _a22 | ||
| 690 | _aEnglish Criticism | ||
| 906 | _a015352 | ||
| 999 |
_c134712 _d134712 |
||